| 000 | 00535nam a2200205 b 4500 | ||
|---|---|---|---|
| 001 | bimo0001750851 | ||
| 003 | OSt | ||
| 005 | 20140825213008.0 | ||
| 008 | 020128s2001 sp | ||| ||spa | ||
| 020 | _a84-7879-664-9 | ||
| 040 | _cBMC | ||
| 082 | _a346.01546 | ||
| 245 | 0 | 0 |
_aCódigo de la familia _cMiguel López-Muñiz Goñi |
| 250 | _a1ª ed | ||
| 260 |
_aMadrid _bColex _c2001 |
||
| 300 |
_a1536 p. _c22 cm |
||
| 650 | 2 | 4 |
_aDerecho de familia _zEspaña _915454 |
| 700 | 1 |
_96557 _aLópez-Muñiz Goñi, Miguel |
|
| 942 |
_2ddc _cBK |
||
| 999 |
_c9032 _d9032 |
||